| 000 | 01240nam a2200277Ia 4500 | ||
|---|---|---|---|
| 003 | OSt | ||
| 005 | 20220923211227.0 | ||
| 006 | a|||||r|||| 00| 0 | ||
| 007 | ta | ||
| 008 | 220922b |||||||| |||| 00| 0 san d | ||
| 020 |
_a9788170844466 (hbk) _c600 |
||
| 024 | _a280,172 | ||
| 037 |
_b708/1, 18/03/2014, Vidyanidhi Prakashan _cTextual |
||
| 040 |
_aARTS _cARTS _bsan |
||
| 041 |
_2san _asan |
||
| 082 | _aP15,C:3x5,1, 152Q3 | ||
| 100 |
_aभट्ट, कौण्ड; द्विवेदी, चन्द्रिकाप्रसाद, अनु. _9159951 |
||
| 245 | 0 | _aवैयाकरणभूषणसारः | |
| 246 | _aVaiyākaraṇabhūṣhaṇasārah | ||
| 260 |
_aदिल्ली _b चौखम्बा संस्कृत प्रतिष्ठान _c2013 |
||
| 300 |
_a402पृ0 _ccm. |
||
| 490 | _aव्रजजीवन प्राच्यभारती ग्रन्थमाला; 42 | ||
| 650 | _aभाषाशास्त्र | ||
| 942 |
_hP15,C:3x5,1, 152Q3 _cTEXL _2CC |
||
| 999 |
_c297275 _d297275 |
||